| 000 | 00580nam a2200217Ia 4500 | ||
|---|---|---|---|
| 003 | OSt | ||
| 005 | 20241007104803.0 | ||
| 008 | 240925s9999 xx 000 0 und d | ||
| 020 | _a9781458650979 | ||
| 040 | _cdf | ||
| 082 | _a428 MAY | ||
| 100 | _aMay, Susie | ||
| 245 | 0 | _aInspired English 2: creative writing and critical thinking through art | |
| 250 | _aNA | ||
| 260 |
_aLondon: _bThe Macmillan Press _c2016 |
||
| 300 |
_a184p. _bNA _fNA |
||
| 500 | _aIncludes Index | ||
| 600 | _aHumanities & Natural Science | ||
| 650 | _aEnglish and Old English | ||
| 942 |
_cBK _2ddc |
||
| 999 |
_c18185 _d18185 |
||